Central Library OPAC University of Rajshahi
Normal view MARC view

Entry Topical Term

Number of records used in: 3

001 - CONTROL NUMBER

  • control field: 12301

003 - CONTROL NUMBER IDENTIFIER

  • control field: BD-RjUL

005 - DATE AND TIME OF LATEST TRANSACTION

  • control field: 20240313152153.0

008 - FIXED-LENGTH DATA ELEMENTS

  • fixed length control field: 240313|| aca||aabn | a|a d

040 ## - CATALOGING SOURCE

  • Original cataloging agency: BD-RjUL
  • Transcribing agency: BD-RjUL

150 ## - HEADING--TOPICAL TERM

  • Topical term or geographic name entry element: Rural health services
  • General subdivision: Social Problems of and services to groups of people

670 ## - SOURCE DATA FOUND

  • Source citation: Work cat.: (BD-RjUL)83346: Moula, S.M. Shamim ul 12300, Psychosocial factors related to health care behavior of the rural people under Rajshahi Division /, 2006